| 000 | 01058nam0a2200289 4500 | ||
|---|---|---|---|
| 001 | RU\NLR\bibl\457638 | ||
| 005 | 20250623183217.0 | ||
| 010 | _a5-207-00309-7 | ||
| 035 | _a(NLR Aleph) 000451157 | ||
| 090 |
_a874810 _c874810 |
||
| 100 | _a20031111d2003 |||y0rusy50 ca | ||
| 101 | 0 | _arus | |
| 102 | _aRU | ||
| 105 | _aa ||||||||| | ||
| 200 | 1 |
_aЗовут меня Кубань _e[Фотоальбом _fФот. В Хмеля и др. _gСост., текст Г. Шуляковой] |
|
| 210 |
_aКраснодар _cСев. Кавказ _d[2003] |
||
| 215 |
_a[100] с. _cцв. ил. _d29 |
||
| 607 |
_aКраснодарский край _jФотоальбомы _92075577 _3RU\NLR\auth\661250654 |
||
| 607 |
_aКраснодарский край _jФотоальбомы _xИстория _91030742 _3RU\NLR\auth\6677597 |
||
| 686 | _aД890(2Р37-4Кр)я61 | ||
| 686 | _aТ3(2Р-4Кр)я61 | ||
| 702 | 1 |
_aШулякова _bГ. _4220 |
|
| 801 | 0 |
_aRU _bNLR _c20031111 _gPSBO |
|
| 801 | 1 |
_aRU _bNLR _c20031111 |
|
| 942 | _cBOOK | ||
| 980 | _aNB | ||